Ciencias naturales 1 /

Guardado en:
Autor Principal: Mollerach, Ricardo
Otros Autores: Stutman, Nora, Hurrell, Silvia
Formato: Libro
Publicado: Buenos Aires : Aique, 2010
Series:El mundo en tus manos
Materias:
Etiquetas: Agregar Etiqueta
Sin Etiquetas, Sea el primero en etiquetar este registro!
LEADER 00659nam a22002295a 4500
001 CEM.cems013664
005 20120424155534.0
008 130507s2010##################000#0#####d
003 CEMS
020 |a 9789870602910 
082 0 4 |a 570 
100 1 |a Mollerach, Ricardo 
245 1 0 |a Ciencias naturales 1 /  |c Ricardo Mollerach ; nora Stutman ; silvia Hurrell 
260 |a Buenos Aires :  |b Aique,  |c 2010 
300 |a 272 p. 
490 0 |a El mundo en tus manos 
653 |a Ciencias naturales 
653 |a Biología 
653 |a Física 
700 1 |a Stutman, Nora 
700 1 |a Hurrell, Silvia 
859 |a CEMS  |b BIB. CEMS - 11 de abril  |h 570  |i M736  |p 26340.12  |t Ej.1  |v 1  |3 1